Is the Slovak economy doing well? A twin deficit growth approach

Vnútorná a vonkajšia nerovnováha (hypotéza zdvojeného deficitu) a jej vplyv na ekonomický rast a cenovú hladinu. Dopady nerovnováhy merané SCA modelom (Thirlwallov zákon). Slovenská ekonomika, jej neadekvátny ekonomický rast v rámci s rozpočtových možností a vyvolaný tlak na makroekonomické ukazovat...

Descrizione completa

Salvato in:
Dettagli Bibliografici
Autore principale: Soukiazis, Elias
Altri autori: Muchová, Eva, 1961-, Cerqueira, Pedro A.
Natura: Capitolo di libro
Lingua:inglese
Soggetti:
Tags: Aggiungi Tag
Nessun Tag, puoi essere il primo ad aggiungerne!!

MARC

LEADER 00000nla a2200000 4500
001 0190023
005 20240502083440.7
041 0 |a eng 
044 |a PT 
245 1 0 |a Is the Slovak economy doing well? A twin deficit growth approach  |c Elias Soukiazis, Eva Muchová, Pedro A. Cerqueira 
520 |a Vnútorná a vonkajšia nerovnováha (hypotéza zdvojeného deficitu) a jej vplyv na ekonomický rast a cenovú hladinu. Dopady nerovnováhy merané SCA modelom (Thirlwallov zákon). Slovenská ekonomika, jej neadekvátny ekonomický rast v rámci s rozpočtových možností a vyvolaný tlak na makroekonomické ukazovatele, predovšetkým cenovú hladinu a mieru nezamestnanosti. 
610 2 0 |a rast hospodársky 
610 2 0 |a deficit rozpočtový 
610 2 0 |a nerovnováha hospodárska 
610 2 0 |a hladina cenová 
610 2 0 |a nezamestnanosť 
610 2 0 |a Slovensko 
100 1 |a Soukiazis, Elias 
700 1 |a Muchová, Eva, 1961- 
700 1 |a Cerqueira, Pedro A.